00926nam a2200241Ia 450000100060000000300090000600800410001504000130005604000130006904100150008210000250009710000290012224500560015124500760020725000110028326000140029426000210030826000490032930000590037850001750043765000410061265000310065392860IT-RoPAU130308s9999 xx 000 0 und d aIT-RoPAU cIT-RoPAU aPORTOGHESE aRehbein Franziska C. gCodice Aut. SPICS: 32629 aCaminhos de salvacao das religioes afro-brasileiras bAmerica Latina: 500 Anos de Evangelizacao-Reflexoes Teologico-Pastorais a1a ed. aSAO PAULO bEdicoes Paulinas c1990 [1° Ed.:1990 - Ed.Ling.Originale:1990] a"26 p. (prefazione: no ; testo: 26 [pagine: 114-139])" aCammino di salvezza delle Religioni Afro Brasiliane Comunità di fede Comunità di Vita Comunità di Amore e di Fraternità Comunità di culto Comunità di Speranza aSAGGI TEOLOGIA COMUNICAZIONE SOCIALE eCodice materia Spics: 9211